Catálogo

La historia del Sudario de Oviedo / (Registro nro. 66177)

Detalles MARC
000 -LEADER
fixed length control field 01220cam a2200313 i 4500
001 - CONTROL NUMBER
control field 66177
003 - CONTROL NUMBER IDENTIFIER
control field Mx-PuUPA
005 - DATE AND TIME OF LATEST TRANSACTION
control field 20250422122051.0
008 - FIXED-LENGTH DATA ELEMENTS--GENERAL INFORMATION
fixed length control field 160919s2014 mx r 000 0 spa d
017 ## - COPYRIGHT OR LEGAL DEPOSIT NUMBER
Copyright or legal deposit number AS-2.990-2006
040 ## - CATALOGING SOURCE
Original cataloging agency Mx-PuUPA
Language of cataloging spa
Transcribing agency Mx-PuUPA
Modifying agency Mx-PuUPA
Description conventions rda
041 0# - LANGUAGE CODE
Language code of text/sound track or separate title spa
100 1# - MAIN ENTRY--PERSONAL NAME
Personal name Guscin, Mark,
Relator term autor
9 (RLIN) 16971
245 10 - TITLE STATEMENT
Title La historia del Sudario de Oviedo /
Statement of responsibility, etc. Mark Guscin ; prólogo de Juan Ignacio Ruíz de la Peña ; introducción de Guillermo Heras Moreno ; presentación de Jorge-Manuel Rodríguez
250 ## - EDITION STATEMENT
Edition statement Segunda edición
264 #1 - PRODUCTION, PUBLICATION, DISTRIBUTION, MANUFACTURE, AND COPYRIGHT NOTICE
Place of production, publication, distribution, manufacture Oviedo, España :
Name of producer, publisher, distributor, manufacturer Ayuntamiento de Oviedo,
Date of production, publication, distribution, manufacture, or copyright notice 2006
300 ## - PHYSICAL DESCRIPTION
Extent 240 páginas :
Other physical details ilustraciones ;
Dimensions 24 cm
336 ## - CONTENT TYPE
Content type term texto
Fuente rdacontent
Content type code txt
337 ## - MEDIA TYPE
Media type term sin medio
Source rdamedia
Media type code n
338 ## - CARRIER TYPE
Carrier type term volumen
Source rdacarrier
Carrier type code nc
650 #7 - SUBJECT ADDED ENTRY--TOPICAL TERM
Source of heading or term armarc
Topical term or geographic name entry element Sudario de Oviedo
General subdivision Historia
Chronological subdivision Hasta 1500
650 #7 - SUBJECT ADDED ENTRY--TOPICAL TERM
Source of heading or term armarc
Topical term or geographic name entry element Sudario de Oviedo
General subdivision Historiografía
700 1# - ADDED ENTRY--PERSONAL NAME
Personal name Ruiz de la Peña, Juan Ignacio
Relator term prologuista
700 1# - ADDED ENTRY--PERSONAL NAME
Personal name Heras Moreno, Guillermo,
Relator term autor de introducción
700 1# - ADDED ENTRY--PERSONAL NAME
Personal name Rodríguez, Jorge-Manuel,
Relator term presentador
942 ## - ADDED ENTRY ELEMENTS (KOHA)
Source of classification or shelving scheme Dewey Decimal Classification
Koha item type Libro
Classification part 232.9660902
Item part G82
Existencias
Withdrawn status Lost status Source of classification or shelving scheme Damaged status Not for loan Collection code Home library Current library Shelving location Date acquired Total Checkouts Full call number Barcode Date last seen Price effective from Koha item type
    Dewey Decimal Classification     General Centro de Estudios Guadalupanos Centro de Estudios Guadalupanos Sala general 12/04/2025   232.9660902 G82 2006 93302 05/01/2026 12/04/2025 Libro